000
00241nam a22001097a 4500
008
160512b xxu||||| |||| 00| 0 eng d
020
_a
02725231
041
_a
eng
080
_a
616.12
245
_a
Clinics in chest medicine:
942
_2
udc
_c
BK
999
_c
2129
_d
2129